000 00737nam a2200229 4500
003 OSt
005 20260530113908.0
008 260505b |||||||| |||| 00| 0 eng d
020 _a 9686397299
040 _aICI
_bspa
_cICI
041 _aspa
050 _aQH77.M4
_bR63
100 1 _aRobles Gil, Patricio,
_eautor
_933105
245 1 0 _aCelebracion a la vida :
_btestimonios de un compromiso /
_cPatricio Robles Gil ; prologo Kathryn S. Fuller
300 _a208 páginas :
_bilustraciones
336 _atexto
_2rdacontent
337 _asin medio
_2rdamedia
338 _avolumen
_2rdacarrier
650 4 _aConservación de la naturaleza
_zMexico
_933106
650 4 _aFotografía de la naturaleza
_zMexico
_933107
942 _2lcc
_cBK
_n1
999 _c12048
_d12048